Statistics for Largest Countries Containing V, W, or X

Click here to take the quiz!

General Stats

  • This quiz has been taken 412 times
  • The average score is 10 of 20

Answer Stats

kmCountrymi% Correct
916,445Venezuela353,841
94%
331,212Vietnam127,882
84%
1,964,375Mexico758,449
83%
450,295Sweden173,860
76%
262,443New Zealand101,330
68%
41,284Switzerland15,940
67%
323,802Norway125,021
52%
1,098,581Bolivia424,164
51%
582,000Botswana225,000
48%
390,757Zimbabwe150,872
46%
48,105Slovakia18,573
43%
64,559Latvia24,926
41%
462,840Papua New Guinea178,700
40%
36,193Taiwan13,974
40%
118,484Malawi45,747
38%
26,338Rwanda10,169
38%
33,846Moldova13,068
33%
51,209Bosnia & Herzegovina19,772
32%
322,463Cote d'Ivoire124,504
25%
21,041El Salvador8,124
25%

Score Distribution

Percentile by Number Answered

Percent of People with Each Score

Your Score History

You have not taken this quiz